Регионална библиотека "Любен Каравелов" - Русе

История на Монголската народнореволюционна партия (Запис номер 467937)

MARC детайли
000 -Лидер
Контролно поле с фиксирана дължина 01099nam a2200313 c 4500
003 - Код на организацията, давaща контролен номер
Контролно поле BLK
005 - Дата и час на последна редакция
Контролно поле 20220722154243.0
008 - Елементи от данни с фиксирана дължина
fixed length control field 180408b bul|||||r ||||||| ||bul||
010 ## - Наследен системен номер
LC control number KNG00064396000
040 ## - Източник на каталожния запис
Идентификатор на билиотеката - собственик на записа BLK
041 ## - Код за език
Код за езика на текст/звукозапис или на отделно заглавие Български
Код за езика КДБФ Български
080 ## - УДК
Текстов определител УДК Комунистически партии. Вж и 327.323
УДК код - определител по УДК 329.15
УДК определител (517.9)
УДК - код + определител 329.15(517.9)
245 ## - Сведения за заглавието
Заглавие История на Монголската народнореволюционна партия
Редно поле (дума) Прев. от рус. Ангел Въргулев
Подзаглавни данни Кратък очерк
257 ## - Страна на издаване
Страна на създаване/издаване България
260 ## - Област на издателските данни
Име на издателя, разпространителя и проч. Партиздат
Година на издаване 1973
Място на издаване, разпространение и проч. София
9 (RLIN) 211414
300 ## - Физическа характеристика
Страници 338 с.
Размери/Мащаб 21 см
380 ## - Жанр
Жанр Обществени науки
500 ## - Общи забележки
Забележка Прев. е направен от Очерки истории Монгольской Народно-революционной партии ; Ориг. загл. на монгол. ез
650 #7 - Допълнително описание по предмет – тема
Основно описание – тема или топоним Комунистически партии
9 (RLIN) 159105
651 #7 - Допълнително описание по предмет - топоним
9 (RLIN) 179235
Географско понятие Монголия
700 ## - Други автори (авторска отговорност)
9 (RLIN) 325654
Лично име Въргулев, Ангел В.
Автороска отговорност (Описва отношението между автора и произведението) прев. от рус.
852 ## - Местоположение
Форматна сигнатура Цб 66852
Фондова буква Хранилище
999 ## - СИСТЕМНИ КОНТРОЛНИ НОМЕРА
Koha biblionumber 467937
Koha biblioitemnumber 467937
942 ## - АРТИКУЛИ
Вид на библиотечния материал Книги
Скрит в OPAC Не
Периодичен библиозапис Да
944 ## - СЪЗДАВАНЕ И РЕДАКЦИЯ на ЗАПИСА
Създаване/Редакция Създаване
Дата на регистрацията/редакция 2022-07-22
Служител, извършил регистрацията/редакцията вт
Наличности
Код за отписване Код за изгубен артикул Източник на класификационната схема Код за повреда Коз за рестрикции Код за отдаване Артикулен № Име на библиотеката - собственик Име на библиотеката, в която се намира в момента Статус (Текущо местоположение) Дата на вписване в системата Местоположение - отдел Цена в лева Инвентарен номер Систематично азбучна сигнатура Баркод Цена в евро Служебен тип на артикула
  Не е изгубен Universal Decimal Classification Не е повреден само за читалня ползва се в читалня 897258 Регионална библиотека "Любен Каравелов" Русе Регионална библиотека "Любен Каравелов" Русе Хранилище 2022-07-26 Хранилище 1.55 135391 Цб 66852 120000135391 0.79 Книги
Vip Innovations Ltd, Rousse, Bulgaria 2025